000 00560nam a2200169Ia 4500
003 GCL
008 140319s9999 xx 000 0 eng d
040 _aGCL /
_cGCL
082 0 4 _a297.0947
_bD I
100 1 _aDUDOIGNON, STEPHANE
245 1 0 _aL'ISLAM DE RUSSIE: CONSCIENCE COMMUNAUTAIRE ET AUTONOMIE POLITIQUE CHEZ LES TATARS DE LA VOLGA ET DE L'OURAL DESPUIS LE XVIII SIECLE /
_cDUDOIGNON, STEPHANE
260 _a[S.N] :
_bMAISONNEUVE ET LAROSE ،
_c1997
650 0 4 _aنجد
650 0 4 _aISLAMIC THEOLOGY
650 0 4 _aISLAM - RUSSIE
942 _2ddc
_cBK
999 _c16035
_d16035